000 00744nam a2200277Ia 4500
001 3509
005 20240113233633.0
007 ta
008 180531s922- ii a g b000 u 465 u
020 _cHB
040 _aCotton College,Assam
041 _aeng
082 _a070.175
_bGOF
100 _aGoffin, R C.
245 0 _aThe Cotton College Magazine 1922-26 Vol-1 /
_cR C Goffin.
_hMonographic Serials
250 _a1st ed. /
260 _aCotton College :
_bEditorial Board ,
_c1922-26.
300 _a96p. :
_bill ;
_c20 cm .
500 _aCotton College Union Society.
653 _aMagazine-Cottonian
653 _aCottonian
700 _aGoffin, R C .
942 _2ddc
_cBK
999 _c3497
_d3497